000 00732nam a2200289Ia 4500
005 20260324120249.0
008 008 260324s9999 xx 000 0 eng d
020 _a9781315795317
037 _aEBOOK
040 _aCRL
040 _beng
040 _cCRL
041 _2eng
041 _aeng
084 _qCRL
100 _aJean-Louis Laville; Dennis Young; Philippe Eynaud
_91157874
245 0 _aCivil Society, the Third Sector and Social Enterprise
245 0 _bGovernance and Democracy
260 _bTaylor and Francis
260 _c2015
365 _a
365 _b255
856 _uhttp://www.taylorfrancis.com/books/9781315795317
942 _cEBOOK
999 _c1749322
_d1749322